| 000 | 00439nam a2200157Ia 4500 | ||
|---|---|---|---|
| 003 | OSt | ||
| 005 | 20230606110921.0 | ||
| 008 | 211028s2010 xx 000 0 und d | ||
| 040 | _cAIMIT LIBRARY | ||
| 041 | _aeng | ||
| 100 |
_aShenoy, Pavithra; Nambisan, Hemalatha. _98244 _e081918 |
||
| 110 |
_aHemalatha Nambisan _98245 |
||
| 245 | _aGeneric framework for IVR application development. | ||
| 260 |
_aMangalore _c2010 |
||
| 942 |
_2ddc _cPRO |
||
| 999 |
_c219791 _d219791 |
||